Košice prilákajú skôr Čínu ako BMW

Guardado en:
Detalles Bibliográficos
Autor principal: Turza, Róbert
Otros Autores: Baláž, Peter
Formato: Capítulo de libro
Lenguaje:eslovaco
Etiquetas: Agregar Etiqueta
Sin Etiquetas, Sea el primero en etiquetar este registro!

MARC

LEADER 00000naa a2200000 4500
001 0242824
005 20240502073938.0
041 0 |a slo 
044 |a SK 
245 1 0 |a Košice prilákajú skôr Čínu ako BMW  |c Róbert Turza, Peter Baláž 
100 1 |a Turza, Róbert 
700 1 |a Baláž, Peter